Deadliest Terror Attacks in US History - Statistics

General Stats
  • This quiz has been taken 73 times
  • The average score is 1 of 10
Answer Stats
# Number of Deaths Answer % Correct
1 ~3000 people September 11/911
100%
3 168 Oklahoma City Bombing
29%
10 50 Orlando Nightclub Shooting
1%
4 150-300 Tulsa Race Riot
1%
6 108 Colfax Massacre
0%
7 96 Gnadenhutten Massacre
0%
9 64 Hillabee Massacre
0%
2 204 Lawrence Massacre
0%
5 120+ Mountain Meadows Massacre
0%
8 80+ Wiyot Massacre
0%
No matching quizzes found
Score Distribution
Percent of People with Each Score
Percentile by Number Answered
Your Score History
You have not taken this quiz